The Silmarillion: Multiple Choice Trivia - Statistics

General Stats
  • This quiz has been taken 97 times
  • The average score is 11 of 15
Answer Stats
Question Answer % Correct
Is the Valar or the Maiar more powerful? Valar
100%
Who is Morgoth's chief lieutenant? Sauron
95%
What is the name of the hidden Elven city? Gondolin
93%
Who created the Stars? Varda
87%
Out of these 8 characters, which one is NOT one of the sons of Feanor? Celebrimbor
86%
Who is the son of Beren and Luthien? Dior
79%
Who was exiled from Tirion for twelve years for threatening his brother? Feanor
77%
Which two of the sons of Feanor were the last to hold a silmaril? Maglor and Maedhros
75%
Which one of Maedhros' hands was cut off? Right
71%
Who killed Gothmog, lord of Balrogs? Ecthelion
70%
Who died defending Beren? Finrod
69%
How many children did Hurin and Morwen have? 3
59%
What was the name of Fingolfin's sword? Ringil
53%
In what order are the seven gates of Gondolin, starting from the end of the Orfalch furthest from Gondolin to the end opening into Tumladen? Wood, Stone, Bronze, Iron, Silver, Gold, Steel.
33%
What does 'Findekano' mean? Hair commander
24%
No matching quizzes found
Score Distribution
Percent of People with Each Score
Percentile by Number Answered
Your Score History
You have not taken this quiz